| 000 | 00000nam##2200000za#4500 |
| 001 | 9.700131 |
| 003 | CaOODSP |
| 005 | 20220125145842 |
| 007 | cr ||||||||||| |
| 008 | 150407|1999||||xxc|||||o f|0| 0 eng|d |
| 040 | |aCaOODSP|beng |
| 043 | |an-cn--- |
| 086 | 1 |aD2-350/1999E-PDF |
| 110 | 1 |aCanada.|bDepartment of National Defence. |bOffice of the Judge Advocate General. |
| 245 | 14|aThe Code of Service Discipline and me : |h[electronic resource]|ba guide to the military justice system for Canadian Forces members |
| 260 | |aOttawa - Ontario : |bNational Defence. |c[1999]. |
| 300 | |a15p. |
| 590 | |a15-03-Supp|b2015-03-13 |
| 690 | 07|aMilitary law|2gcpds |
| 775 | 08|t[Le code de discipline militaire et moi] |w(CaOODSP)9.644098 |
| 856 | 40|ahttp://publications.gc.ca|qPDF|s438 KB|uhttps://publications.gc.ca/collections/collection_2014/mdn-dnd/D2-350-1999-eng.pdf |